| Tag |
First Indicator |
Second Indicator |
Subfields |
| LEADER |
00000cam a2200000 i 4500 |
| 001 |
in00000505621 |
| 005 |
20151013063430.0 |
| 008 |
760217s1975 nyu b 00010 eng |
| 010 |
|
|
|a 76353717
|
| 020 |
|
|
|c $2.75
|
| 035 |
|
|
|a (OCoLC)02073199
|
| 035 |
|
|
|9 ACD4767AM
|
| 040 |
|
|
|a DLC
|c DLC
|d TXA
|d UtOrBLW
|
| 043 |
|
|
|a n-us-ny
|
| 049 |
|
|
|a TXAM
|c [1238700]
|
| 050 |
0 |
0 |
|a HD211.N7
|b L4 1975
|
| 082 |
0 |
|
|a 333.7/09747
|
| 110 |
2 |
|
|a League of Women Voters of New York State.
|
| 245 |
1 |
0 |
|a Making land use decisions in New York State.
|
| 264 |
|
1 |
|a New York :
|b League of Women Voters of New York State,
|c [1975]
|
| 264 |
|
4 |
|c ©1975
|
| 300 |
|
|
|a iv, 98 pages ;
|c 28 cm.
|
| 336 |
|
|
|a text
|b txt
|2 rdacontent
|
| 337 |
|
|
|a unmediated
|b n
|2 rdamedia
|
| 338 |
|
|
|a volume
|b nc
|2 rdacarrier
|
| 500 |
|
|
|a Cover title.
|
| 504 |
|
|
|a Bibliography: pages 96-98.
|
| 650 |
|
0 |
|a Land use
|z New York (State)
|
| 650 |
|
0 |
|a Regional planning
|z New York (State)
|
| 650 |
|
0 |
|a Zoning
|z New York (State)
|
| 999 |
|
|
|a MARS
|
| 999 |
f |
f |
|s 60eaf6ad-be98-3500-83ac-4882d963c4fb
|i 20be06b9-b2ce-328e-8ae6-07c60dae7d94
|t 0
|
| 952 |
f |
f |
|p ric
|a Texas A&M University
|b Rellis Campus
|c Joint Library Facility
|d Remote Storage
|t 0
|e HD211.N7 L4 1975
|h Library of Congress classification
|i unmediated -- volume
|m A14802646045
|
| 998 |
f |
f |
|a HD211.N7 L4 1975
|t 0
|l Remote Storage
|